000 00913nam a2200265Ia 4500
003 OSt
005 20221005105257.0
006 a|||||r|||| 00| 0
007 ta
008 221004b |||||||| |||| 00| 0 ben d
020 _a8170164044 (hbk)
_c150
024 _a17641
037 _b24019, 27/03/2015, Kitab Ghar
_cTextual
040 _aCRL
_cCRL
_bben
041 _2ben
_aben
082 _aO157,3N26,23, 152N8;P6
100 _aमहाश्वेता देवी
245 0 _aप्रति 54 मिनट
246 _aPrati 54 minaṭa
260 _aनई दिल्ली
_bकिताबघर भारत
_c2012
300 _a95प्ृ0
_ccm.
650 _aबंगाली साहित्य
942 _hO157,3N26,23, 152N8;P6
_cTEXL
_2cc
999 _c1015347
_d1015347